| 000 | 00765nam a22001577a 4500 | ||
|---|---|---|---|
| 003 | OSt | ||
| 005 | 20161128092146.0 | ||
| 008 | 161128b xxu||||| |||| 00| 0 eng d | ||
| 040 | _cRUA | ||
| 082 | _aAED SOT 2012 B539 Or.1 | ||
| 100 |
_911413 _aSOTH MORAKATH; សុត មរកត |
||
| 245 | _aThe study on rural livelihood on rice production in setor commune, ksach kandal district, kandal province, ការសិក្សាពិកម្រិតជីវភាពប្រជាជននៃផលិតកម្មដំណាំស្រូវនៅឃុំស៊ីធរ ស្រុកខ្សាច់កណ្ដាល ខេត្តកណ្ដាល | ||
| 260 |
_aPhnom Penh _bSOT _c2012 |
||
| 300 |
_aviii,41p. _bill. _c29cm. |
||
| 942 |
_2ddc _cAED |
||
| 999 |
_c10970 _d10970 |
||